000 01533cam a22002174a 4500
005 20250605164242.0
008 250528s ||||||||||||||||||||||||d
035 _a21382
020 _a9789602187500
040 _aGR-AtMCL
_bgre
_dGR-AtMCL
_eAACR2
245 1 _aΕισαγωγή στην Κοινωνική Έρευνα
250 _a
260 _bΚριτική,
_c2011
300 _a808
520 _aΜια σύγχρονη εισαγωγή στην κοινωνιολογική έρευνα, σχεδιασμένη ώστε να ενισχύει την αυτενέργεια του φοιτητή. Σημείωμα του Συγγραφέα, Βασικές Αρχές, Έρευνα και Θεωρία, Δόμηση Ενός Ερευνητικού Προγράμματος, Κοινωνική Μέτρηση, Σύνθετα Μέτρα, Δειγματοληψία, Κοινωνικά Πειράματα, Δεγματοληπτική Έρευνα, Έρευνα Πεδίου, Μη Αντιδραστικές Μεθόδοι, Έρευνα Αξιολόγησης, Ανάλυση Ποιοτικών Δεδομένων, Ανάλυση Ποσοτικών Δεδομένων, Βιβλιογραφία Κοινωνικής Έρευνας, Ζητήματα Δεοντολογίας και Πολιτικής, Τυχαίοι Αριθμοί, Γλωσσάρι, Βιβλιογραφία.
700 1 _aBabbie Earl
_97428
700 1 _aΖαφειρόπουλος Κώστας
942 _cBK
999 _c6445
_d6445